Medidas comerciales y ajuste de balanza de pagos... (Record no. 101581)

MARC details
000 -LEADER
campo de control de longitud fija 00517nam a2200157 i 4500
001 - NÚMERO DE CONTROL
campo de control 101581
003 - IDENTIFICADOR DE NÚMERO DE CONTROL
campo de control ES-MaACL
005 - FECHA Y HORA DE LA ÚLTIMA TRANSACCIÓN
campo de control 20230906182934.0
007 - CAMPO FIJO DE DESCRIPCIÓN FÍSICA--INFORMACIÓN GENERAL
campo de control de longitud fija t|
008 - DATOS DE LONGITUD FIJA--INFORMACIÓN GENERAL
campo de control de longitud fija 051020s1971 sp ||||1| spa d
245 00 - MENCIÓN DEL TÍTULO
Título Medidas comerciales y ajuste de balanza de pagos...
260 ## - PUBLICACIÓN, DISTRIBUCIÓN, ETC.
Lugar de publicación, distribución, etc. Madrid :
Nombre del editor, distribuidor, etc. Organización de Cooperación y Desarrollo Económicos,
Fecha de publicación, distribución, etc. 1971.
300 ## - DESCRIPCIÓN FÍSICA
Extensión 93 p., 2 gráf. ;
Dimensiones 24 cm.
710 2# - ENTRADA AGREGADA--NOMBRE DE ENTIDAD CORPORATIVA
Nombre de entidad corporativa o nombre de jurisdicción como elemento de entrada Organización de Cooperación y Desarrollo Económico.
9 (RLIN) 167502
852 ## - LOCALIZACIÓN
Ubicación ES-MaACL
Número de control de estantería E-5313
Sublocalización o colección R.89693
Holdings
Estatus retirado Estado de pérdida Estado de daño No para préstamo Biblioteca de origen Biblioteca actual Ubicación en estantería Fecha de adquisición Fuente de adquisición Total de préstamos Signatura topográfica completa Código de barras Visto por última vez Precio de reemplazo Tipo de ítem Koha
        Biblioteca del Ateneo de Madrid Biblioteca del Ateneo de Madrid Depósito 2 17/01/2008     E-5313 1106051 23/02/2023 23/02/2023 Libro impreso